00723nam a22002057a 450000500170000001000150001702000230003203500140005503700090006908200080007810000260008624500750011226000510018727000500023830000240028870000250031294200220033799900190035995201390037820250120142725.0 aENG-143464 c399a9789355433152 aEN-126996 bDBAD a887 aSims, steve D.976762 aGo for stuoid;cThe art of achieving ridiculous goals/bSims, Steve D. bManjul Publishing house c2023aUtter Pradesh  aC-16 sector 3, bNoida Uttar pradesh e201301 a187 p.c21 cm (pbk) aSteve D. sims976737 2ddccENh887mSim c208606d208606 001040708NFICaLbLd2025-01-20eDBADg399.00l3m1o887 SimpEN-126996r2025-11-22 00:00:00s2025-10-24t1v399.00w2025-01-20yEN